| 000 | 01898nam a2200253 a 4500 | ||
|---|---|---|---|
| 001 | BS0003761 | ||
| 003 | BR-BrBNA | ||
| 005 | 20230418192415.0 | ||
| 008 | 230308b |||||||| |||| 00| 0 por d | ||
| 040 |
_aBR-BrBNA _bpor _cBiblioteca Nacional de Agricultura |
||
| 041 | _apor | ||
| 072 | _aB59 | ||
| 090 | _aB59 BS0003761 | ||
| 100 | 1 | _aSchulte, Stephan. | |
| 245 | 1 | _aReiki, trabalhando om energia: uma ampla introduçãoao Reiki e ao trabalho com processos energéticos / | |
| 260 | 3 |
_aBlumenau, SC: _bEko, _c1997. |
|
| 300 | _a153 p. | ||
| 500 | _aTítulo original: Reiki und Energiearbeit. Traduzido por Lidia Edith Heinen. | ||
| 520 | 3 | _aImpor as mãos suavemente, deixar fluir a energia - e a cura acontece por si mesma. Isto é Reiki. Atualmente milhares de pessoas iniciam-se, em misteriosos rituais, para se tornarem capazes de canalizar a mais pura energia vital. E qualquer um pode aprender esta técnica. Através de iniciações em três níveis, alcança-se o grau de Mestre que, por sua vez, habilita a iniciar outras pessoas em Reiki e conduzi-las ao Mestrado. "Reiki - Trabalhando com Energia" informa rápida, mas abrangentemente, sobre a descoberta do Reiki e os rituais de iniciação, mostra as posições das mãos - as usuais e as especiais - e descreve a preparação e o decurso de uma sessão de Reiki. Stephan Schulte, ele próprio um Mestre em Reiki e terapeuta naturista, examina aqui, do ponto de vista de sua experiência pessoal, o que deve merecer atenção especial no trabalho com Reiki. Cada vez mais pessoas querem conhecer Reiki, tornar-se Mestres ou, simplesmente, usufruir do fluxo benéfico desta energia. Este livro pretende mostrar-lhes o que deve ser levado em conta, e quais os efeitos produzidos durante e depois do contato com Reiki. | |
| 650 | _aRELIGIÃO | ||
| 650 | _aDOUTRINA | ||
| 909 |
_a202304 _bSergio Santos _c56 _dSergio Santos |
||
| 942 | _cBK | ||
| 999 |
_c8826 _d8826 |
||